00485cam a22001457a 4500008004000000082001500040100002000055245007900075260003200154300001000186500000900196650002800205999001900233952008700252180718b1960 xxu||||| |||| 00| 0 eng d aA6x68 A155 aAllighan, Garry aCurtain-up on South Africa: presenting a national dramacby Garry Allighan aLondonbT.V. Boardmanc1960 a276p. a21/- aAfrica, South - History c477949d477949 00104070aIIPAbIIPAd2018-08-04oA6x68 A155pGR2000r2018-08-04w2018-08-04yGR